| 000 | nam a22 a 4500 | ||
|---|---|---|---|
| 999 |
_c4126 _d4126 |
||
| 003 | AKMAL | ||
| 005 | 20170525112650.0 | ||
| 008 | 130508s2009 my | g | 000 0 may d | ||
| 020 | _a9789834419349 (kkt.) | ||
| 040 | _aAKMAL | ||
| 082 | 0 | 4 |
_a959.5 HIM _222 |
| 090 | 0 | 0 |
_a959.5 _bHIM |
| 245 | 0 | 0 |
_aHimpunan esei pembangunan : Malaysia 2057 : _bkepelbagaian suara, aspirasi bersama / _c[penyunting Nungsari Ahmad Radhi dan Suryani Senja Alias] |
| 260 |
_aKuala Lumpur : _bKhazanah Nasional, _c[200?] |
||
| 300 |
_axix, 442ms. ; _c26cm. |
||
| 651 | 0 |
_aMalaysia _xPolitics and government _vAnecdotes _98088 |
|
| 651 | 0 |
_aMalaysia _xEconomic conditions _vAnecdotes _98089 |
|
| 651 | 0 |
_aMalaysia _xSocial conditions _vAnecdotes _98090 |
|
| 700 | 0 |
_aNungsari Ahmad Radhi _98091 |
|
| 700 | 0 |
_aSuryani Senja Alias _98092 |
|
| 942 |
_2ddc _cBOOK |
||